Maciura - "Puma" tekst - Statystyki

Ogólne statystyki
  • Ten quiz został rozwiązany 13 razy
  • Średni wynik to 141 z 276
Statystyki odpowiedzi
Odpowiedź % Poprawnych
flex
100%
flex,
100%
ja
100%
Ja
100%
jak
100%
Ma-
100%
Ma
100%
Mam
100%
mam
100%
Puma
100%
u
100%
z
100%
ćpuna
89%
pośpiechu
89%
Suka
89%
Udusiłem
89%
w
89%
znów
89%
Znów
89%
Bangladeszu
78%
czeka,
78%
guma
78%
Jadę
78%
No
78%
pękła
78%
bo
67%
do
67%
duma
67%
je
67%
lasu
67%
Lew"
67%
Lew
67%
mi
67%
mnie
67%
nie
67%
Nie
67%
o
67%
rozjebałem
67%
se
67%
56%
czasu
56%
godom:
56%
idę
56%
jej
56%
"Król
56%
Król
56%
lody
56%
Maciura
56%
Poziomki,
56%
pseudonim
56%
wody
56%
zlew
56%
zżera
56%
chce
44%
dupa,
44%
jeść
44%
kręcić
44%
Ona
44%
się
44%
się,
44%
usta
44%
Wskakuję
44%
zaś
44%
chciała
33%
chuj,
33%
co
33%
grube
33%
kaktusa
33%
lampę
33%
Mój
33%
mój
33%
Na
33%
na
33%
Płaska
33%
wiem
33%
wydra
33%
antena
22%
bombowiec
22%
coca
22%
dachowiec
22%
Ej,
22%
(Ej!)
22%
gepardem
22%
Karolina
22%
kibla
22%
kochanie,
22%
Koszęcina
22%
moja
22%
muszlę
22%
Obsrałem
22%
potrzyj
22%
to
22%
zabawimy
22%
ze
22%
Bena
11%
Big
11%
borowiec
11%
businessman
11%
całości
11%
cały
11%
Chodź
11%
chryzantema
11%
cola
11%
Gazy
11%
Ghany,
11%
imię
11%
jestem
11%
Jestem
11%
Koło
11%
makowiec
11%
Mamba
11%
marzenia
11%
me
11%
moje
11%
mojego
11%
Muszę
11%
Obszczałem
11%
okazałości
11%
Pierdolenie
11%
połowa
11%
retardem
11%
rola
11%
Samba
11%
siedzi
11%
sobą
11%
Sowice,
11%
spełnić
11%
Styl
11%
sygnał
11%
tak
11%
tańcu?
11%
Turcji
11%
Warszawska
11%
Wola
11%
yo
11%
Żadna
11%
Złap
11%
złoto
11%
Złoty
11%
zrobić
11%
Bamba
0%
Bawi
0%
bogaty.
0%
brzegu
0%
chcieć
0%
Chodzi
0%
dochody,
0%
dziewczyna
0%
ego
0%
fartem
0%
hiena
0%
kolegom
0%
łapiąc
0%
lecą
0%
Leje
0%
łysego
0%
Mógłbyś
0%
moim
0%
nam
0%
naprawiać
0%
nodze
0%
osiem
0%
Proste
0%
Rambazamba
0%
Reebok,
0%
Siedem,
0%
Szczecina
0%
tutaj
0%
tylko
0%
wędlina
0%
Wysokie
0%
zakola
0%
zarabiam
0%
Zimno
0%
żyć
0%
Nie znaleziono quizów pasujących do podanych kryteriów
Rozkład punktacji
Procent ludzi z każdym wynikiem
Percentyl według liczby udzielonych odpowiedzi
Twoja historia wyników
Nie rozwiązałeś tego quizu